Online
Catalog

Versiones dominicanas de romances españoles / (Record no. 8158)

MARC details
000 -CABECERA
campo de control de longitud fija 01019nam a2200217 a 4500
001 - NÚMERO DE CONTROL
campo de control 000008387
005 - FECHA Y HORA DE LA ÚLTIMA TRANSACCIÓN
campo de control 20200929161333.0
008 - DATOS DE LONGITUD FIJA--INFORMACIÓN GENERAL
campo de control de longitud fija 090916s1946 dr a 001 0 spa d
040 ## - FUENTE DE LA CATALOGACIÓN
Centro catalogador/agencia de origen DO-SdBNP
Lengua de catalogación spa
Centro/agencia transcriptor BNPHU
082 ## - NÚMERO DE LA CLASIFICACIÓN DECIMAL DEWEY
Número de clasificación 861.1033
Número de documento/Ítem G241v
049 ## - FONDOS LOCALES (OCLC)
Fondos de biblioteca BNPD
100 1# - ENTRADA PRINCIPAL--NOMBRE DE PERSONA
Nombre de persona Garrido de Boggs, Edna
9 (RLIN) 22614
245 10 - MENCIÓN DE TÍTULO
Título Versiones dominicanas de romances españoles /
Mención de responsabilidad, etc. recogidas y anotadas por Edna Garrido.
260 ## - PUBLICACIÓN, DISTRIBUCIÓN, ETC.
Lugar de publicación, distribución, etc. Ciudad Trujillo, República Dominicana :
Nombre del editor, distribuidor, etc. Pol Hermanos,
Fecha de publicación, distribución, etc. 1946.
300 ## - DESCRIPCIÓN FÍSICA
Extensión 110 p. :
Otras características físicas il, mapas, música ;
Dimensiones 24 cm.
505 0# - NOTA DE CONTENIDO CON FORMATO
Información miscelánea Introducción --
-- Notas preliminares --
Título Romances-Siglo XVI --
-- Siglo XVIII --
-- Siglo XIX --
-- Extensión geográfica del romance en la República Dominicana --
-- Addenda --
-- Extensión geográfica de cada romance que figura en este trabajo --
Información miscelánea Bibliografía.
650 #4 - PUNTO DE ACCESO ADICIONAL DE MATERIA--TÉRMINO DE MATERIA
Término de materia o nombre geográfico como elemento de entrada Romanceros españoles
Subdivisión general Colecciones
9 (RLIN) 22615
650 #4 - PUNTO DE ACCESO ADICIONAL DE MATERIA--TÉRMINO DE MATERIA
Término de materia o nombre geográfico como elemento de entrada Romanceros españoles
Subdivisión general Historia y crítica
9 (RLIN) 22616
650 #4 - PUNTO DE ACCESO ADICIONAL DE MATERIA--TÉRMINO DE MATERIA
Término de materia o nombre geográfico como elemento de entrada Literatura española
9 (RLIN) 632
910 ## - DATOS DE OPCIÓN DEL USUARIO (OCLC)
Datos de opción del usuario Validado. Control de calidad EMS
Holdings
Estado de retiro Estado de pérdida Restricciones de uso No para préstamo Código de colección Localización permanente Ubicación/localización actual Ubicación en estantería Fecha de adquisición Número de inventario Total de préstamos Signatura topográfica completa Código de barras Fecha visto por última vez Precio válido a partir de Tipo de ítem Koha Número de copia
      Excluido de préstamo Raros y valiosos Patrimonio Dominicano Patrimonio Dominicano Depósito 16.09.2009 LF1   861.1033 G241v 8387-10 25.06.2020 25.06.2020 No se presta  
      Excluido de préstamo Raros y valiosos Patrimonio Dominicano Patrimonio Dominicano Depósito 07.11.2012 LF1   861.1033 G241v 8387-20 25.06.2020 25.06.2020 No se presta e. 2

Powered by Koha